书目信息 |
| 题名: |
法式风格家居设计与软装搭配
|
|
| 作者: | ;宜家文化 编 | |
| 分册: | ||
| 出版信息: | 北京 化学工业出版社 2016.8 |
|
| 页数: | 176页 | |
| 开本: | 24cm | |
| 丛书名: | ||
| 单 册: | ||
| 中图分类: | TU241-64 | |
| 科图分类: | ||
| 主题词: | 住宅--室内装饰设计--图集 | |
| 电子资源: | ||
| ISBN: | 978-7-122-27306-2 | |
| 000 | 01138nam0 2200229 450 | |
| 001 | 0400003611 | |
| 005 | 20171022103841.0 | |
| 010 | @a978-7-122-27306-2@dCNY58.00 | |
| 100 | @a20160923d2016 em y0chiy50 ea | |
| 101 | 0 | @achi |
| 102 | @aCN@b110000 | |
| 105 | @aa z 000yy | |
| 106 | @ar | |
| 200 | 1 | @a法式风格家居设计与软装搭配@9fa shi feng ge jia ju she ji yu ruan zhuang da pei@f宜家文化编 |
| 210 | @a北京@c化学工业出版社@d2016.8 | |
| 215 | @a176页@d24cm | |
| 330 | @a本书精选了国内顶尖室内设计师的海量法式家居设计案例。从风格上细分为法式宫廷风格、法式新古典风格、法式乡村风格、法式田园风格和轻法式风格等,探寻不同时期法式风格的贵族文化;从功能上细分为客厅、卧室、餐厅、书房、过道、休闲区、卫浴间等,展示法式家居不同功能区间的独特魅力;从设计上细分为硬装与软装两大块内容,把硬装环节中需要注意的问题与软装布置中的运用技巧,通过图文并茂的设计贴士一一展现,尤其是让读者对于法式家居软装中的家具、布艺、灯具、饰品、挂画等有了更具深度的了解和学习。 | |
| 606 | 0 | @a住宅@x室内装饰设计@j图集 |
| 690 | @aTU241-64@v5 | |
| 711 | 02 | @a宜家文化@9yi jia wen hua@4编 |
| 801 | 0 | @aCN@b91MARC@c20171022 |
| 905 | @b1033846-50@dTU241-64@f5@e1182 | |
| 法式风格家居设计与软装搭配/宜家文化编.-北京:化学工业出版社,2016.8 |
| 176页;24cm |
| ISBN 978-7-122-27306-2:CNY58.00 |
| 本书精选了国内顶尖室内设计师的海量法式家居设计案例。从风格上细分为法式宫廷风格、法式新古典风格、法式乡村风格、法式田园风格和轻法式风格等,探寻不同时期法式风格的贵族文化;从功能上细分为客厅、卧室、餐厅、书房、过道、休闲区、卫浴间等,展示法式家居不同功能区间的独特魅力;从设计上细分为硬装与软装两大块内容,把硬装环节中需要注意的问题与软装布置中的运用技巧,通过图文并茂的设计贴士一一展现,尤其是让读者对于法式家居软装中的家具、布艺、灯具、饰品、挂画等有了更具深度的了解和学习。 |
| ● |
| 相关链接 |
|
|
|
|
正题名:法式风格家居设计与软装搭配
索取号:TU241-64/1182
 
预约/预借
| 序号 | 登录号 | 条形码 | 馆藏地/架位号 | 状态 | 备注 |
| 1 | 1033846 | 210338464 | 第二样本阅览室/ [索取号:TU241-64/1182] | 在馆 | |
| 2 | 1033847 | 210338473 | 密集书库-生命科学系/ [索取号:TU241-64/1182] | 在馆 | |
| 3 | 1033848 | 210338482 | 第三借阅区/ [索取号:TU241-64/1182] | 在馆 | |
| 4 | 1033849 | 210338491 | 第三借阅区/ [索取号:TU241-64/1182] | 在馆 | |
| 5 | 1033850 | 210338507 | 第三借阅区/ [索取号:TU241-64/1182] | 在馆 |